Kolozsvárott jártak... ; Aut. Árpád Duka Zólyomi, Béla Bugár, László Nagy A., (horváth)

Podrobná bibliografia
Hlavní autori: Duka Zólyomi, Árpád, 1941-2013 (Autor), Bugár, Béla, 1958- (Autor), Nagy, László A., 1948- (Autor), (horváth) (Autor)
Médium: Článok
Jazyk:maďarčina
Predmet:

MARC

LEADER 00000nab a2200000 a 4500
001 vtls000538603
003 SK-MaSNL
005 20260318123708.0
008 240102c1995 xo 0 hun
015 |a SNBRB19rr/mm-uuuuu 
035 |a CL0538741 
040 |a SNKBUCL  |b slo  |c SNKBUCL  |e AACR2 
041 0 |a hun 
044 |a xo  |c SK 
080 |a 323.15(498=945.11):061.2:329(437.6=945.11)  |2 1981 
080 |a 329(437.6=945.11)  |2 1981 
245 0 0 |a Kolozsvárott jártak... ; Aut. Árpád Duka Zólyomi, Béla Bugár, László Nagy A., (horváth) 
650 0 7 |a Demokratický zväz Maďarov v Rumunsku  |2 snkbucl  |9 902630 
650 0 7 |a strany politické maďarské  |2 snkbucl  |9 901655 
651 7 |a Slovensko  |2 snkbucl  |9 14231 
655 7 |a články z novín a časopisov  |2 snkbucl  |9 267496 
700 1 |a Duka Zólyomi, Árpád,  |d 1941-2013  |4 aut  |9 104454 
700 1 |a Bugár, Béla,  |d 1958-  |4 aut  |9 103270 
700 1 |a Nagy, László A.,  |d 1948-  |4 aut  |9 840953 
700 1 |a (horváth)  |4 aut 
773 0 |t Új szó  |g Roč. 48, č. 7 (10. 1. 1995), s. 1-2 
850 |a Slovenská národná knižnica v Martine  |a DSG001 
852 |a SNK  |b KIS3GCP 
958 |a RK 
958 |a HU 
958 |a RO 
958 |a SK 
992 |a RBX 
999 |c 2696613  |d 2698543